| 000 | 00896cam a2200265 i 4500 | ||
|---|---|---|---|
| 001 | 63283 | ||
| 005 | 20180714065635.0 | ||
| 008 | 150718s1998 mx r 000 0 spa d | ||
| 020 | _a9682321050 | ||
| 040 |
_aMX-PuUPA _bspa _erda _cMx-PuUPA _dMx-PuUPA |
||
| 041 | _aspa | ||
| 082 | 0 |
_a809.3 _bWEI |
|
| 100 | 1 |
_aWeisz Carrington, Gabriel, _d1946 _eautor |
|
| 245 | 1 | 0 |
_aDioses de la peste : _bun estudio sobre literatura y representación / _cpor Gabriel Weisz. |
| 250 | _aPrimera edición | ||
| 264 | 1 |
_aMéxico, D.F. : _bSiglo xxi Editores, _c21 cm. |
|
| 300 |
_a202 páginas ; _c21 cm. |
||
| 336 |
_atexto _2rdacontent |
||
| 337 |
_asin mediación _2rdamedia |
||
| 338 |
_avolumen _2rdacarrier |
||
| 490 | 0 | _aLingüística y teoría literaria | |
| 650 | 4 |
_aLiteratura _xHistoria y crítica _ySiglo XX |
|
| 650 | 4 |
_aLiteratura _xTeoría |
|
| 650 | 4 | _aFigura humana en el arte | |
| 999 |
_c63283 _d63283 |
||